000
00203nam a22000977a 4500
041
_a
eng
080
_a
80
100
_a
Gilday, Robert M.
245
_a
Colliers Encyclopedia. 1963 Yearbook.
999
_c
282363
_d
282363
942
_c
BK